El Partido Comunista y el campo (Record no. 105916)

MARC details
000 -LEADER
campo de control de longitud fija 01059nam a22003011i 4500
001 - NÚMERO DE CONTROL
campo de control 105916
003 - IDENTIFICADOR DE NÚMERO DE CONTROL
campo de control ES-MaACL
005 - FECHA Y HORA DE LA ÚLTIMA TRANSACCIÓN
campo de control 20250627063643.0
007 - CAMPO FIJO DE DESCRIPCIÓN FÍSICA--INFORMACIÓN GENERAL
campo de control de longitud fija t|
008 - DATOS DE LONGITUD FIJA--INFORMACIÓN GENERAL
campo de control de longitud fija 060912s1977 sp r ||||0| spa d
020 ## - NÚMERO INTERNACIONAL ESTÁNDAR DEL LIBRO
Número Internacional Estándar del Libro 84-85277-24-4
080 ## - NÚMERO DE LA CLASIFICACIÓN DECIMAL UNIVERSAL
Número de la Clasificación Decimal Universal 338.98:63(46)
080 ## - NÚMERO DE LA CLASIFICACIÓN DECIMAL UNIVERSAL
Número de la Clasificación Decimal Universal 329(46) PCE
100 1# - ENTRADA PRINCIPAL--NOMBRE DE PERSONA
Nombre de persona Álvarez, Santiago,
Fechas asociadas al nombre 1913-2002
9 (RLIN) 155286
245 13 - MENCIÓN DEL TÍTULO
Título El Partido Comunista y el campo
Resto del título : la evolución del problema agrario y la posición de los comunistas /
Mención de responsabilidad, etc. [por] Santiago Álvarez.
260 ## - PUBLICACIÓN, DISTRIBUCIÓN, ETC.
Lugar de publicación, distribución, etc. Madrid :
Nombre del editor, distribuidor, etc. Ediciones de la Torre,
Fecha de publicación, distribución, etc. [1977]
300 ## - DESCRIPCIÓN FÍSICA
Extensión 258 p., 4 h. ;
Dimensiones 17 cm.
490 1# - MENCIÓN DE SERIE
Mención de serie Problemas del movimiento obrero ;
Designación de volumen o secuencia 3
490 1# - MENCIÓN DE SERIE
Mención de serie Libro Cícero / Política
500 ## - NOTA GENERAL
Nota general Índice.
610 27 - PUNTO DE ACCESO ADICIONAL DE MATERIA--NOMBRE DE ENTIDAD CORPORATIVA
Nombre de entidad corporativa o nombre de jurisdicción como elemento de entrada Partido Comunista de España.
9 (RLIN) 6135
651 #4 - PUNTO DE ACCESO ADICIONAL DE MATERIA--NOMBRE GEOGRÁFICO
Nombre geográfico España-
Subdivisión general Política agraria.
9 (RLIN) 8394
830 0# - PUNTO DE ACCESO ADICIONAL DE SERIE-TÍTULO UNIFORME
Título uniforme Problemas del movimiento obrero ;
Designación de volumen o secuencia 3
9 (RLIN) 185122
830 0# - PUNTO DE ACCESO ADICIONAL DE SERIE-TÍTULO UNIFORME
Título uniforme Libro Cícero / Política
9 (RLIN) 185123
852 ## - LOCALIZACIÓN
Ubicación ES-MaACL
Número de control de estantería AND-937
Nota libre - Biblioteca Juan Andrade
852 ## - LOCALIZACIÓN
Ubicación ES-MaACL
Número de control de estantería A-7280
Holdings
Estatus retirado Estado de pérdida Estado de daño No para préstamo Biblioteca de origen Biblioteca actual Ubicación en estantería Fecha de adquisición Fuente de adquisición Total de préstamos Signatura topográfica completa Código de barras Visto por última vez Precio de reemplazo Tipo de ítem Koha
        Biblioteca del Ateneo de Madrid Biblioteca del Ateneo de Madrid Sala Pecera Planta 1 17/01/2008     A-7280 1110578 23/02/2023 23/02/2023 Libro impreso
        Biblioteca del Ateneo de Madrid Biblioteca del Ateneo de Madrid Depósito 2 17/01/2008     AND-937 1110577 23/02/2023 23/02/2023 Libro impreso